| 000 | 00954nam a2200265Ia 4500 | ||
|---|---|---|---|
| 003 | OSt | ||
| 005 | 20221005112909.0 | ||
| 006 | a|||||r|||| 00| 0 | ||
| 007 | ta | ||
| 008 | 221004b |||||||| |||| 00| 0 pan d | ||
| 020 |
_a8187762330 (pbk) _cINR 340.00 |
||
| 024 | _a67021 | ||
| 037 |
_b1166, 30/12/2019, H.K. Prakashan _cTextual |
||
| 040 |
_aCRL _cCRL _bpan |
||
| 041 |
_2pan _apan |
||
| 082 | _aO153,3N36x, R0 | ||
| 100 | _aਓਬਰਾਏ, ਸੁਰਿੰਦਰ ਸਿੰਘ, ਂਚ. | ||
| 245 | 0 | _aਉਹ ਤੇ ਮੈ੍ਵ | |
| 260 |
_aਦਿੱਲੀ _bਸੁੁਰਿੰਦਰ ਸਿੰਘ ਭਾਰਤ _c2020 |
||
| 300 |
_a120ਪ੍ਰ0 _ccm. |
||
| 650 | _a ਪੰਜਾਬੀ ਕਹਾਣੀ | ||
| 650 | _aਪੰਜਾਬੀ ਸਾਹਿਤ | ||
| 942 |
_hO153,3N36x, R0 _cTEXL _2cc |
||
| 999 |
_c1026360 _d1026360 |
||